000 00890nam a22003257a 4500
001 BR9405192
003 BR-BrBNA
005 20230928094305.0
007 ta
008 230509b bl.||||| |||| 00| 0 por d
040 _aBR-BrBNA
_bpor
_cBiblioteca Nacional de Agricultura
041 _a(Por)
072 _aL73
_b6100
_b4150
090 _ 6100 BR9405192
100 1 _aHipolito, O.
100 1 _aSilva, J.M.L. da
100 1 _aHsiung, H.M.
100 1 _aIto, N.M.K.
110 1 _aDOW Quimica S.A., Sao Paulo, SP (Brasil)
_93469
245 1 _aBronquite infecciosa das galinhas. A doenca no Brasil
260 3 _aSao Paulo, SP (Brasil):
_c[nd].
300 _a72 p.
500 _a15 illus.; Bibliography p. 21-43 (527 ref.)
650 _aGalinha
650 _aBronquite
650 _aInfeccao
650 _aEtiologia
909 _a202309
_bLucia
_c55
_dLucia Elande
942 _cBK
999 _c49885
_d49885